000 00349nam a22001457a 4500
020 _a978-0-19-807207-2
082 _a658.15
100 _aSrivastava, Rajiv
245 _aFinancial Management
250 _a2nd
260 _aNew Delhi:
_bOxford University Press,
_c2011
300 _axiv, 816p.: ill.; 28cm
700 _aMisra, Anil
942 _cBK
999 _c22179
_d22179